logo

Bir Sreshtho Munshi Abdur Rouf Library
Jhenaidah Cadet College

Atomic habits : (Record no. 12742)

MARC details
000 -LEADER
fixed length control field 01132nam a2200337 a 4500
001 - CONTROL NUMBER
control field 12742
003 - CONTROL NUMBER IDENTIFIER
control field BD-JhCC
005 - DATE AND TIME OF LATEST TRANSACTION
control field 20230510094310.0
008 - FIXED-LENGTH DATA ELEMENTS--GENERAL INFORMATION
fixed length control field 230510t20182018enka b 001|0|eng|d
015 ## - NATIONAL BIBLIOGRAPHY NUMBER
National bibliography number GBB9A8968
Source bnb
016 7# - NATIONAL BIBLIOGRAPHIC AGENCY CONTROL NUMBER
Record control number 018867551
Source Uk
020 ## - INTERNATIONAL STANDARD BOOK NUMBER
International Standard Book Number 9781847941831
Qualifying information paperback
Terms of availability £14.99
020 ## - INTERNATIONAL STANDARD BOOK NUMBER
International Standard Book Number 1847941834
Qualifying information paperback
Terms of availability £14.99
035 ## - SYSTEM CONTROL NUMBER
System control number (BD-JhCC)12742
040 ## - CATALOGING SOURCE
Original cataloging agency StDuBDS
Language of cataloging eng
Description conventions rda
Transcribing agency StDuBDS
Modifying agency Uk
-- UkOxU
-- BD-JhCC
042 ## - AUTHENTICATION CODE
Authentication code ukblcatcopy
082 04 - DEWEY DECIMAL CLASSIFICATION NUMBER
Classification number 152.33
Edition number 23
Item number CLE 2018
100 1# - MAIN ENTRY--PERSONAL NAME
Personal name Clear, James,
Relator term author.
245 10 - TITLE STATEMENT
Title Atomic habits :
Remainder of title an easy and proven way to build good habits and break bad ones : tiny changes, remarkable results /
Statement of responsibility, etc. James Clear.
264 #1 - PRODUCTION, PUBLICATION, DISTRIBUTION, MANUFACTURE, AND COPYRIGHT NOTICE
Place of production, publication, distribution, manufacture London :
Name of producer, publisher, distributor, manufacturer Random House Business Books,
Date of production, publication, distribution, manufacture, or copyright notice 2018.
264 #4 - PRODUCTION, PUBLICATION, DISTRIBUTION, MANUFACTURE, AND COPYRIGHT NOTICE
Date of production, publication, distribution, manufacture, or copyright notice ©2018
300 ## - PHYSICAL DESCRIPTION
Extent ix, 306 pages :
Other physical details illustrations (black and white) ;
Dimensions 24 cm
336 ## - CONTENT TYPE
Content type term text
Source rdacontent
337 ## - MEDIA TYPE
Media type term unmediated
Source rdamedia
338 ## - CARRIER TYPE
Carrier type term volume
Source rdacarrier
504 ## - BIBLIOGRAPHY, ETC. NOTE
Bibliography, etc. note Includes bibliographical references and index.
650 #0 - SUBJECT ADDED ENTRY--TOPICAL TERM
Topical term or geographic name entry element Habit breaking.
650 #0 - SUBJECT ADDED ENTRY--TOPICAL TERM
Topical term or geographic name entry element Habit.
650 #0 - SUBJECT ADDED ENTRY--TOPICAL TERM
Topical term or geographic name entry element Self-actualization (Psychology)
942 ## - ADDED ENTRY ELEMENTS (KOHA)
Source of classification or shelving scheme Dewey Decimal Classification
Koha item type Books
Holdings
Withdrawn status Lost status Source of classification or shelving scheme Damaged status Not for loan Home library Current library Shelving location Date acquired Cost, normal purchase price Total Checkouts Full call number Barcode Date last seen Date last checked out Copy number Price effective from Koha item type Source of acquisition Checked out
    Dewey Decimal Classification     JCC Rouf Library JCC Rouf Library General Stacks 05/10/2023 800.00 12 152.33 CLE 2018 17730 12/18/2025 11/18/2025 C-1 05/10/2023 Books    
    Dewey Decimal Classification     JCC Rouf Library JCC Rouf Library General Stacks 12/08/2024 1600.00 5 152.33 CLE 2018 19776 01/20/2026 01/20/2026 C-2 12/08/2024 Books With the compliments of Maj (Retd) Syed Sakhawat Hussain,07/0388/K 02/14/2026

JCC Library | Contacts | JCC Home

Last Update on 23 September 2017
Copyright @ 2017-2020 JCC Rouf Library
Rouf Library, Jhenidah Cadet College (JCC), Bangladesh